Online katalóg knižníc regiónu Turca

Elixír môjho života (Record no. 22459)

MARC details
000 -LEADER
fixed length control field 01184nam a2200373 a 4500
001 - CONTROL NUMBER
control field 22459
003 - CONTROL NUMBER IDENTIFIER
control field SK-KTurca
005 - DATE AND TIME OF LATEST TRANSACTION
control field 20260328125333.0
008 - FIXED-LENGTH DATA ELEMENTS--GENERAL INFORMATION
fixed length control field 240314s2005 xo o g 000 0aslo
015 ## - NATIONAL BIBLIOGRAPHY NUMBER
National bibliography number SNBA2006/04-02163
020 ## - INTERNATIONAL STANDARD BOOK NUMBER
International Standard Book Number 8055110948
Qualifying information (viaz.)
035 ## - SYSTEM CONTROL NUMBER
System control number 23AF5B2F-2BE5-4F83-A28F-05EAEB01A03F
035 ## - SYSTEM CONTROL NUMBER
System control number urn:nbn:sk:snk-aml6vm
035 ## - SYSTEM CONTROL NUMBER
System control number urn:nbn:sk:snk-am008u7a
040 ## - CATALOGING SOURCE
Original cataloging agency SNK
Language of cataloging slo
Transcribing agency SNK
041 0# - LANGUAGE CODE
Language code of text/sound track or separate title slo
044 ## - COUNTRY OF PUBLISHING/PRODUCING ENTITY CODE
MARC country code xo
ISO country code SK
072 #7 - SUBJECT CATEGORY CODE
Subject category code 929
Subject category code subdivision Biografie
Source konspekt
080 ## - UNIVERSAL DECIMAL CLASSIFICATION NUMBER
Universal Decimal Classification number 821.162.4-94
Edition identifier 2001
080 ## - UNIVERSAL DECIMAL CLASSIFICATION NUMBER
Universal Decimal Classification number 929 Jamnická, Vilma
Edition identifier 2001
080 ## - UNIVERSAL DECIMAL CLASSIFICATION NUMBER
Universal Decimal Classification number 929
Edition identifier MDT-MRF
080 ## - UNIVERSAL DECIMAL CLASSIFICATION NUMBER
Universal Decimal Classification number 792.071.2
Edition identifier 2001
100 1# - MAIN ENTRY--PERSONAL NAME
Personal name Jamnická, Vilma,
Dates associated with a name 1906-2008
Relationship aut
245 10 - TITLE STATEMENT
Title Elixír môjho života
Statement of responsibility, etc. Vilma Jamnická; napísala Marika Studeničová; fotografie: Ladislav Lajcha, Peter Procházka
250 ## - EDITION STATEMENT
Edition statement 1. vyd.
260 ## - PUBLICATION, DISTRIBUTION, ETC.
Place of publication, distribution, etc. Bratislava
Name of publisher, distributor, etc. Ikar
Date of publication, distribution, etc. 2005
300 ## - PHYSICAL DESCRIPTION
Extent 174 s.
Other physical details fotogr.
Dimensions 21 cm
600 17 - SUBJECT ADDED ENTRY--PERSONAL NAME
Personal name Jamnická, Vilma,
Dates associated with a name 1906-2008
Source of heading or term SNKMA
655 #7 - INDEX TERM--GENRE/FORM
Genre/form data or focus term autobiografie
Source of term SNKPH
700 1# - ADDED ENTRY--PERSONAL NAME
Personal name Studeničová, Marika,
Dates associated with a name 1964-
Relationship aut
700 1# - ADDED ENTRY--PERSONAL NAME
Personal name Lajcha, Ladislav,
Dates associated with a name 1932-2018
Relationship pht
700 1# - ADDED ENTRY--PERSONAL NAME
Personal name Procházka, Peter,
Dates associated with a name 1952-
Relationship pht
942 ## - ADDED ENTRY ELEMENTS (KOHA)
Source of classification or shelving scheme Dewey Decimal Classification
Koha item type Krásna literatúra pre dospelých
Suppress in OPAC No
Holdings
Stav vyradenia Strata Poškodenie Spôsob nadobudnutia Domovská knižnica Aktuálna knižnica Dátum nadobudnutia Total checkouts Čiarový kód exemplára Date last seen Typ exemplára
      Dar Obecná knižnica Horná Štubňa Obecná knižnica Horná Štubňa 28.03.2026   9788055110943 28.03.2026 Krásna literatúra pre dospelých
Projekt je podporený Slovenskou asociáciou knižníc
Prevádzkuje Turčianska knižnica Martin 2026